000 00316nam a22001337a 4500
008 171002b xxu||||| |||| 00| 0 eng d
020 _a9780805820324
041 _aeng
080 _a159.9
100 _a48
101 _aPSI
245 _aTHINKING CRITICALLY ABOUT CRITICAL THINKING
_cHALPERN,D.F
942 _2udc
_cBK
999 _c31184
_d31184